Uncharted ou Tomb Raider - Statistiques

Statistiques générales
  • Ce quiz a été pris 305 fois
  • Le résultat moyen est 21 sur 30
Statistiques - réponses
Hint Réponse % Correct
Nathan Drake Uncharted
90%
Lara Croft Tomb Raider
87%
Victor Sullivan Uncharted
84%
Elena Fisher Uncharted
82%
Chloe Frazer Uncharted
82%
Shogo Takamoto Tomb Raider
76%
Nadine Ross Uncharted
76%
Winston Smith Tomb Raider
74%
Pierre Dupont Tomb Raider
74%
Samantha Nishimura Tomb Raider
74%
Werner Von Croy Tomb Raider
72%
Zip Tomb Raider
72%
Konstantin Tomb Raider
72%
Sophia Leigh Tomb Raider
71%
Rafe Adler Uncharted
71%
Bram Patrick Dustan Tomb Raider
70%
Zoran Lazarevic Uncharted
70%
Kurtis Trent Tomb Raider
68%
Pedro Dominguez Tomb Raider
68%
Katherine Marlowe Uncharted
67%
Harry Flynn Uncharted
67%
Jacqueline Natla Tomb Raider
66%
Conrad Roth Tomb Raider
66%
Tenzin Uncharted
64%
Eddy Raja Uncharted
64%
Sergei Mikhailov Tomb Raider
63%
Gabriel Roman Uncharted
58%
Talbot Uncharted
58%
Karl Shäfer Uncharted
58%
Asav Uncharted
52%
Aucun quiz correspondant
Distribution des résultats
% des personnes avec chaque résultat
Percentile par nombre de réponses
Votre historique - résultats
Vous n’avez pas pris ce quiz